00658nam a22001931i 4500001000400000090000800004100004100012101000800053200006800061215001800129700003300147702002700180210003000207225001400237410001100251996010600262990001100368995008500379248 a248 a20170304u u u0frey50 ba0 apor1 fAlexander MitscherlichaA Ideia de Paz e a Agressividade Humana a143[1]pd21cm 1aMitscherlichbAlexander4070 1aRosabJorge473092134 cDom QuixoteaLisboad19712 aVectorv7 0tVector f0000281kMITm00000000n00000000aBMVAb1vViana do AlentejoxPolítica Estrangeiray32eLivro1031 cLIVROS 00109306bBMVAdBMVAf0000283k159.9 MITo0rLIVROSuEm depósito caixa 34 VNT